Panathinaikos all-time appearance leaders - Statistics

General Stats
  • This quiz has been taken 4 times
  • The average score is 52 of 100
Answer Stats
Apps Nationality Years Answer % Correct
95 Spanish 2020-2025 Aitor Cantalapiedra
100%
100 Greek 2024- Anastasios Bakasetas
100%
167 Greek 2016-2022 Anastasios Chatzigiovanis
100%
166 Dutch 2019-2025 Bart Schenkeveld
100%
174 Greek 2006-2010 Dimitrios Salpingidis
100%
304 Greek 1984-1994, 1997-1998 Dimitrios Saravakos
100%
115 Serbian 2023- Filip Djuricic
100%
190 Greek 2020-2025 Fotis Ioannidis
100%
105 Greek 2017-2020, 2022-2025 Georgios Vagiannidis
100%
156 Greek 2021- Giannis Kotsiras
100%
124 Greek 2009-2012 Konstantinos Katsouranis
100%
508 Polish 1989-2004 Krzysztof Warzycha
100%
151 Swedish 2013-2017 Marcus Berg
100%
151 Cypriot 2001-2005 Michalis Konstantinou
100%
141 Argentinian 2009-2013, 2016-2017 Sebastián Leto
100%
120 Argentinian 2021-2024 Sebastián Palacios
100%
167 Slovenian 2022- Adam Gnezda Cerin
50%
123 Greek 2005-2010 Alexandros Tziolis
50%
106 Greek 1994-2000 Alexis Alexoudis
50%
120 Greek 2011-2016 Anastasios Lagos
50%
99 Austrian 2006-2011 Andreas Ivanschitz
50%
310 Greek 1995-2005 Angelos Basinas
50%
272 Greek 1989-2004 Antonis Nikopolidis
50%
135 Greek 1994-1999 Athanasios Kolitsidakis
50%
145 Albanian 1996-2001 Bledar Kola
50%
152 Australian-Greek 1987-1993 Chris Kalantzis
50%
131 Greek 1985-1990 Christos Dimopoulos
50%
137 Greek 2012-2020 Christos Donis
50%
108 Argentinian-Italian 2023-2026 Daniel Mancini
50%
108 Croatian 2013-2016 Danijel Pranjić
50%
174 Greek 2017-2023 Dimitrios Kourbelis
50%
177 Greek 2003-2009 Dimitrios Papadopoulos
50%
111 Polish-Nigerian 2001-2006 Emmanuel Olisadebe
50%
94 Norwegian 1997-2000 Erik Mykland
50%
97 Argentinian 2004-2008 Ezequiel González
50%
116 Italian 2018-2022 Federico Macheda
50%
90 Argentinian 1999-2002 Fernando Galetto
50%
108 Serbian 2023-2026 Filip Mladenovic
50%
173 Greek 1987-1990, 1992-1996 Georgios Donis
50%
217 Greek 1993-1998 Georgios Georgiadis
50%
149 Greek 1993-1998 Georgios Kapouranis
50%
365 Greek 1995-2003. 2007-2012 Georgios Karagounis
50%
158 Greek 2013-2018 Georgios Koutroumpis
50%
109 Greek 1996-1998, 1999-2001 Georgios Nasiopoulos
50%
113 Greek 1994-1998 Georgios Savvas Georgiadis
50%
172 Greek 2001-2004, 2009-2013 Georgios Seitaridis
50%
413 Greek 1994-2009 Giannis Goumas
50%
315 Greek 1987-1997 Giannis Kalitzakis
50%
119 Brazilian 2008-2011 Gilberto Silva
50%
116 Croatian 2000-2004 Goran Vlaovic
50%
106 Danish 2001-2004 Jan Michaelsen
50%
158 Spanish 2007-2012 Josu Sarriegi
50%
312 Polish 1990-1999 Jozef Wandzik
50%
121 Argentinian-Italian 1991-1997 Juan José Borrelli
50%
129 Spanish 2020-2024 Juankar
50%
158 Argentinian 1980-1989 Juan Ramón Rocha
50%
334 Greek 1977-1995 Konstantinos Antoniou
50%
112 Greek 1990-1994 Konstantinos Frantzeskos
50%
102 Greek 2012-2016 Konstantinos Triantafyllopoulos
50%
152 Greek 1998-2003 Leonidas Vokolos
50%
327 Greek 2004-2013 Loukas Vyntra
50%
134 Argentinian 2016-2018, 2020-2022 Lucas Villafañez
50%
98 English 2014-2017 Luke Steele
50%
164 Croatian 2004-2011 Mario Galinović
50%
124 Swedish 2005-2009 Mikael Nilsson
50%
107 Spanish 2013-2016 Nano
50%
173 South African 2003-2010 Nasief Morris
50%
117 Greek 1980-1988 Nikolaos Karoulias
50%
267 Greek 1996-2003 Nikolaos Lyberopoulos
50%
96 Greek 1985-1990 Nikolaos Sarganis
50%
175 Greek 2008-2013 Nikolaos Spyropoulos
50%
98 Greek 2002-2005 Pantelis Konstantinidis
50%
208 Danish 1999-2005 René Henriksen
50%
105 Finnish 2015-2018 Robin Lod
50%
118 Spanish 2021-2025 Rubén Pérez
50%
167 Mozambican 2007-2012 Simão Mate Junior
50%
125 Greek 2017-2023 Sokratis Dioudis
50%
108 Greek 1998-2005 Sotiris Kyrgiakos
50%
173 Greek 2006-2012, 2015-2016 Sotiris Ninis
50%
102 Greek 2009--2013 Stergos Marinos
50%
317 Greek 1990-1999 Stratos Apostolakis
50%
205 Greek 1999-2004, 2007-2008 Takis Fyssas
50%
95 Croatian 2023- Tin Jedvaj
50%
99 Greek 2005-2011 Vangelis Mantzios
50%
113 Greek 1985-1992 Vangelis Vlachos
50%
123 Belgian-Greek 2013-2017 Viktor Klonaridis
50%
274 Greek-Portugese 2011-2017. 2023-2025 Zeca
50%
97 Greek 2018-2023 Achilleas Poungouras
0%
144 Greek 1994-1999 Andreas Lagonikakis
0%
131 Greek 1992-1997 Dimitrios Markos
0%
97 Greek 1981-1987 Giannis Kyrastas
0%
108 Greek 1987-1991 Iakovos Chatziathanasiou
0%
324 Greek 1982-1995 Konstantinos Mavridis
0%
131 Greek 2008-2013 Lazaros Christodoulopoulos
0%
208 Australian-Greek 1987-1997 Louis Christodoulou
0%
183 Greek 1986-1992 Lysandros Georgamlis
0%
164 Greek 1992-1997 Marinos Ouzounidis
0%
113 Greek 2013-2016 Nikolaos Karelis
0%
108 Greek 1988-1993 Nikolaos Kourmpanas
0%
245 Greek 1990-1997 Spyros Marangos
0%
No matching quizzes found
Score Distribution
Percent of People with Each Score
Percentile by Number Answered
Your Score History
You have not taken this quiz